The asbestos diary

Spremljeno u:
Bibliografski detalji
Glavni autor: Dukahz, Casimir
Format: Knjiga
Jezik:engleski
Oznake: Dodaj oznaku
Bez oznaka, Budi prvi tko označuje ovaj zapis!

MARC

LEADER 00000nam a2200000 4500
001 CDOM0000002676
003 mi
005 20251014111212.0
008 251014b |||||||| |||| 00| 0 eng d
040 |c mi 
100 |a Dukahz, Casimir 
245 1 |a The asbestos diary  
942 |2 ddc  |c BK 
952 |0 0  |1 0  |2 ddc  |4 0  |7 0  |9 6135  |a MI  |b MI  |d 1988-02-18  |i 825  |l 0  |p CDOM825  |r 2025-07-13 16:28:00  |w 2025-07-13  |x ACQUISTO  |y BK 
999 |c 4907  |d 4907